000 00736nam a22002057a 4500
999 _c19185
_d19185
003 AR-CdUCM
008 190516b ||||| |||| 00| 0 spa d
040 _aMUNICIPALIDAD PROVINCIAL DEL CUSCO
_cBIBLIOTECA MUNICIPAL DEL CUSCO
082 _a363.8 /
_bM17
100 _aMalin, K.
_940374
245 _aEl hambre en el mundo /
260 _aBuenos Aires :
_bCartago,
_c1965.
300 _a158 paginas ;
_c20.5 cm.
505 _aContenido: En la tierra hay todavia hambre y miseria -- A cuantas personas puede alimentar la tierra -- Recursos energeticos -- El hambre y la miseria seran vencidas...
650 _aTierra
_9337
650 _aHambre
_97447
650 _aMiseria
_98840
942 _2ddc
_cLIBROS
945 _apjha
_d2019-05-16